Historia en transito. Experiencia, identidad, teoría crítica
Guardat en:
| Autor principal: | |
|---|---|
| Format: | Llibre |
| Idioma: | espanyol |
| Publicat: |
Buenos Aires
Fondo de Cultura Económica de Argentina
2006
|
| Edició: | 1a. ed |
| Col·lecció: | Sección de Obras de Historia
|
| Matèries: | |
| Etiquetes: |
Afegir etiqueta
Sense etiquetes, Sigues el primer a etiquetar aquest registre!
|
MARC
| LEADER | 00000cam a2200000 a 4500 | ||
|---|---|---|---|
| 001 | UCI1664 | ||
| 003 | CL-VaPUC | ||
| 008 | 070713e20060000AG |||||||||||||||||spa|d | ||
| 020 | |a 9505576862 | ||
| 082 | 0 | 4 | |a 907 |b LAC |2 21 |
| 100 | |a Lacapra, Dominick |e author |9 557283 | ||
| 245 | 1 | 0 | |a Historia en transito. Experiencia, identidad, teoría crítica |
| 250 | |a 1a. ed | ||
| 300 | |a 364 p | ||
| 942 | |c BK | ||
| 945 | |d 20070713 00:00:00 |a rbrito | ||
| 260 | |a Buenos Aires |b Fondo de Cultura Económica de Argentina |c 2006 | ||
| 650 | 0 | |a Enseñanza de la historia |9 307330 | |
| 650 | 0 | |a Historia |9 255047 | |
| 650 | 7 | |a METODO HISTORICO |2 CL-VaPUC |9 335553 | |
| 650 | 0 | |a Historiadores |9 314498 | |
| 583 | |a last modification |c 20121112 10:21:13 |k Rodrigo Vera | ||
| 490 | 0 | |a Sección de Obras de Historia | |
| 999 | |c 326429 |d 326427 | ||
| 952 | |0 0 |1 0 |4 0 |6 907_000000000000000_LAC_2006 |7 0 |8 A |9 408306 |a BIBHIS |b BIBHIS |d 2019-11-22 |i 4356950 |o 907 LAC 2006 |p 4356950 |r 2025-01-20 |w 2019-11-22 |y BK |k HIS | ||
| 952 | |0 0 |1 0 |4 0 |6 907_000000000000000_LAC_2006 |7 0 |8 A |9 408307 |a BIBHIS |b BIBHIS |d 2019-11-22 |i 4924029 |l 1 |o 907 LAC 2006 |p 4924029 |r 2025-01-20 |s 2022-12-09 |w 2019-11-22 |y BK |k HIS | ||
| 952 | |0 0 |1 0 |4 0 |6 907_000000000000000_LAC_2006 |7 0 |8 A |9 408308 |a BIBHIS |b BIBHIS |d 2019-11-22 |i 4924037 |l 2 |m 7 |o 907 LAC 2006 |p 4924037 |q 2025-07-11 |r 2024-05-15 |s 2024-05-15 |w 2019-11-22 |y BK |k HIS | ||
| 952 | |0 0 |1 0 |3 erb |4 0 |6 907_000000000000000_LAC_2006 |7 0 |8 A |9 408309 |a FDOHBE |b BIBHIS |e Huesbe Llanos, Marco Antonio, 1934- |i 5307279 |l 1 |o 907 LAC 2006 |p 5307279 |r 2024-04-11 |s 2024-04-11 |w 2019-11-22 |y BK |z Catalogado en:20160708 |k HBE | ||